| 000 | 00977nas a2200313 4500 | ||
|---|---|---|---|
| 001 | BR0403994 | ||
| 003 | BR-BrBNA | ||
| 005 | 20231205104752.0 | ||
| 007 | ta | ||
| 008 | 230509b bl.|||p| |||| 00| 00por d | ||
| 040 |
_aBR-BrBNA _bpor _cBiblioteca Nacional de Agricultura |
||
| 041 | _a(En) | ||
| 072 | _aF04; F30 | ||
| 100 | 1 | _aSoratto, R.P. | |
| 100 | 1 | _aLima, E. do V. | |
| 100 | 1 | _aSilva, T.R.B. da | |
| 100 | 1 | _aBoaro, C.S.F. | |
| 100 | 1 | _aCataneo, A.C. | |
| 245 | 1 | _aNitrogen fertilization of fall panicum cultivars (Panicum dichotomiflorum Michx.): biochemical and agronomical aspects | |
| 650 | _aPAINÇO | ||
| 650 | _aFERTILIZANTE NITROGENADO | ||
| 650 | _aADUBAÇÃO DE COBERTURA | ||
| 650 | _aNUTRIENTE MINERAL | ||
| 650 | _aVARIEDADE | ||
| 650 | _aRESPOSTA DA PLANTA | ||
| 773 | 0 |
_tScientia Agrícola (Brazil) _xISSN 0103-9016 _g(Jan-Feb 2004), v. 61(1) p. 82-87 _wBR0403994 |
|
| 909 |
_a202311 _bLúcia _c55 _dLúcia Elande |
||
| 942 |
_2AGRIS _n0 _cANA |
||
| 999 |
_c179616 _d179616 |
||